[Event "AUTO-BEG-339"]
[Site "http://www.queenalice.com/game.php?id=649448"]
[Date "2009.9.8"]
[Round "1"]
[White "mar08n"]
[Black "higorgomes"]
[Result "0-1"]
[WhiteElo "1262"]
[BlackElo "1261"]

1. e4 d5 2. Nc3 e6 3. Nge2 dxe4 4. Nxe4 Nf6 5. Nxf6+ Qxf6 6. f3 e5 7. d4 Bb4+ 8.
c3 Ba5 9. b4 Bb6 10. Qa4+ Bd7 11. b5 a6 12. d5 axb5 13. Qxa8 Qd8 14. Qxb7 Qh4+
15. g3 Qf6 16. Qxb8+ Qd8 17. Qb7 Qc8 18. Qxc8+ Bxc8 19. f4 exf4 20. Nxf4 O-O 21.
Ba3 Bg4 22. Bxf8 Kxf8 23. Bxb5 Ba5 0-1

[Event "AUTO-BEG-339"]
[Site "http://www.queenalice.com/game.php?id=649449"]
[Date "2009.9.8"]
[Round "1"]
[White "higorgomes"]
[Black "mar08n"]
[Result "1-0"]
[WhiteElo "1283"]
[BlackElo "1247"]

1. d4 e6 2. Nf3 f6 3. Nc3 b6 4. e4 f5 5. exf5 exf5 6. Bd3 g6 7. Ne5 Qe7 8. Qf3
c6 9. O-O d6 10. Nxc6 Qg5 11. Re1+ Be6 12. Bxg5 Nd7 13. Rxe6+ Be7 14. Bxe7 Nxe7
15. Nxe7 Rd8 16. Nc6+ Kf7 17. Nxd8+ Rxd8 18. Qe3 a5 19. Bb5 f4 20. Qe4 Nf8 21.
Qxf4+ Kxe6 22. Re1# 1-0

[Event "Challenge"]
[Site "http://www.queenalice.com/game.php?id=656135"]
[Date "2009.9.21"]
[Round "-"]
[White "Hugohg"]
[Black "higorgomes"]
[Result "0-1"]
[WhiteElo "1279"]
[BlackElo "1277"]

1. e4 d5 2. Nc3 dxe4 3. Nxe4 e5 4. Bc4 f6 5. Qh5+ g6 6. Qh4 g5 7. Qh5+ Ke7 8.
Bxg8 Rxg8 9. Qxh7+ Rg7 10. Qh6 Kd7 11. Nxf6+ Ke7 12. Nf3 Qd6 13. Nxg5 Qxf6 14.
Qxf6+ Kxf6 15. Ne4+ Kf5 16. d3 Rxg2 17. Kf1 Rg8 18. Rg1 Rg6 19. Ng3+ Kf6 20.
Nh5+ Kf7 21. f4 Rxg1+ 22. Kxg1 Nd7 23. f5 Nf6 0-1

[Event "Hugopessanha"]
[Site "http://www.queenalice.com/game.php?id=661225"]
[Date "2009.10.1"]
[Round "-"]
[White "Hugopessanha"]
[Black "higorgomes"]
[Result "1-0"]
[WhiteElo "1547"]
[BlackElo "1293"]

1. e4 d5 2. exd5 Qxd5 3. Nc3 Qd8 4. Qf3 Nf6 5. Qg3 c6 6. b4 Nh5 7. Qf3 g6 8. Bc4
f6 9. Bb2 Bh6 10. g4 Qxd2+ 11. Kf1 Qd8 12. gxh5 Qd4 13. Nb5 Qxc4+ 14. Qe2 cxb5
15. Bc1 Bg7 16. h6 Bf8 17. a4 Qxb4 18. Ba3 Qa5 19. axb5 Qc3 20. Qe1 Qxc2 21. Rc1
Qd3+ 22. Qe2 Qd5 23. Nf3 e5 24. Rd1 Bh3+ 25. Kg1 Bxa3 26. Rxd5 O-O 27. Rd3 Be7
28. Nxe5 Re8 29. Rxh3 fxe5 30. Qxe5 Nd7 31. Qd5+ Kf8 32. Qxd7 b6 33. Qd4 Red8
34. Qg7+ Ke8 35. Qxh7 Rac8 36. Qxg6+ Kd7 37. h7 a5 38. Qg7 Rc1+ 39. Kg2 Rc5 40.
h8=Q Rxh8 41. Qxh8 Rc8 42. Rd3+ Kc7 43. Rc3+ Bc5 44. Qe5+ Kd7 45. Rd1+ Bd4 46.
Rxd4# 1-0

[Event "Hugopessanha"]
[Site "http://www.queenalice.com/game.php?id=661226"]
[Date "2009.10.1"]
[Round "-"]
[White "Hugopessanha"]
[Black "higorgomes"]
[Result "1-0"]
[WhiteElo "1702"]
[BlackElo "1323"]

1. Nf3 d5 2. Ne5 Qd6 3. f4 f6 4. Nd3 Nh6 5. g3 e6 6. b3 g5 7. fxg5 fxg5 8. Nc3
Bg7 9. Bb2 Qc6 10. Nb4 Qd7 11. e4 d4 12. Nb5 O-O 13. a4 a5 14. Nd3 c6 15. Nxd4
Bxd4 16. Ne5 Qd6 17. Nc4 Qd8 18. Bxd4 Qxd4 19. Bg2 Ng4 20. Rf1 Nxh2 21. c3 Qd3
22. Qe2 Qxg3+ 23. Rf2 b5 24. Nb6 Ra7 25. Nxc8 Rxc8 26. O-O-O Kg7 27. Bf3 Rf8 28.
Rxh2 Rxf3 29. Rg2 Qf4 30. axb5 a4 31. Qc4 a3 32. Qd4+ e5 33. Qxa7+ Qf7 34. Qxb8
a2 35. Kb2 Rh3 36. Qxe5+ Qf6 37. Rxg5+ Kf7 38. Rf5 Rh6 39. Rxf6+ Rxf6 40. bxc6
Rxc6 41. Qd5+ Re6 42. Rf1+ Ke7 43. Kxa2 h5 44. e5 h4 45. Rh1 Rh6 46. b4 h3 47.
e6 Rxe6 48. Rxh3 Ra6+ 49. Kb3 Rd6 50. Re3+ Kd7 51. Qb5+ Rc6 52. d4 Kc7 53. d5
Rd6 54. Re7+ Rd7 55. Rxd7+ Kc8 56. Qc6+ Kb8 57. Qc7+ Ka8 58. Qb7# 1-0

[Event "Hugopessanha"]
[Site "http://www.queenalice.com/game.php?id=661227"]
[Date "2009.10.1"]
[Round "-"]
[White "Hugopessanha"]
[Black "higorgomes"]
[Result "1-0"]
[WhiteElo "1528"]
[BlackElo "1267"]

1. Nc3 Nf6 2. Nh3 d5 3. a4 e6 4. e3 Bc5 5. d4 Bb4 6. Bd2 O-O 7. Nb5 Bxd2+ 8.
Qxd2 c6 9. Nc3 Ne4 10. Nxe4 dxe4 11. O-O-O a5 12. f4 Na6 13. Ng5 f6 14. Nxe4 Qd5
15. Nc3 Qd8 16. Bc4 b5 17. axb5 cxb5 18. Bxb5 Bb7 19. d5 exd5 20. g4 Qc8 21.
Nxd5 Nb4 22. Ne7+ Kf7 23. Nxc8 Raxc8 24. Qd7+ Kg6 25. Qxb7 Rxc2+ 26. Kb1 f5 27.
gxf5+ Rxf5 28. Qb6+ Kh5 29. Qxa5 Nc6 30. Qb6 Ne7 31. Kxc2 Nd5 32. Be2+ Kh4 33.
Qd8+ Nf6 34. e4 Rxf4 35. e5 Kg5 36. exf6 Rxf6 37. Rdf1 Kg6 38. Rhg1+ Kf7 39.
Bc4# 1-0

[Event "Hugopessanha"]
[Site "http://www.queenalice.com/game.php?id=661228"]
[Date "2009.10.1"]
[Round "-"]
[White "higorgomes"]
[Black "Hugopessanha"]
[Result "0-1"]
[WhiteElo "1272"]
[BlackElo "1541"]

1. d4 a5 2. a4 Nf6 3. Nf3 Nc6 4. d5 Nb4 5. c4 d6 6. Bd2 Bf5 7. Bxb4 axb4 8. Nd4
Bg6 9. Nd2 c5 10. N4b3 e5 11. e4 Nxe4 12. Nxe4 Bxe4 13. Nd2 Bf5 14. Qe2 Bd7 15.
f4 Qb6 16. b3 O-O-O 17. fxe5 Re8 18. a5 Qa7 19. Qf3 Rxe5+ 20. Kd1 b6 21. Qxf7
Bg4+ 22. Qf3 Bxf3+ 23. Nxf3 Re3 24. Ng5 Qe7 25. a6 Re1+ 26. Kd2 Rxa1 27. Ne6
Rxa6 28. Bd3 g6 29. Rf1 Bh6+ 30. Ke2 Ra2+ 31. Kf3 Rd2 32. Ke4 Qh4+ 33. Kf3 Rxd3+
34. Ke2 Qe4+ 35. Kf2 Be3+ 36. Ke2 Bd4# 0-1

[Event "Hugopessanha"]
[Site "http://www.queenalice.com/game.php?id=661229"]
[Date "2009.10.1"]
[Round "-"]
[White "higorgomes"]
[Black "Hugopessanha"]
[Result "0-1"]
[WhiteElo "1278"]
[BlackElo "1520"]

1. Nh3 e5 2. Nc3 Nc6 3. e4 Bc5 4. Na4 Bd6 5. g4 b5 6. Bxb5 Nd4 7. Bc4 Nf6 8. c3
Nc6 9. d3 h5 10. gxh5 Rxh5 11. Rg1 Rxh3 12. Rh1 Na5 13. Bb5 Bb7 14. Bg5 c6 15.
Bc4 Nxc4 16. dxc4 Be7 17. Bxf6 Bxf6 18. Nc5 Rb8 19. b3 d6 20. Nd3 Bh4 21. Qg4
Rxd3 22. Qxg7 Rxc3 23. Qh8+ Kd7 24. Qxh4 Qxh4 25. Kd2 Rf3 26. Ke2 Qxf2+ 27. Kd1
Rd3+ 28. Kc1 Qd2+ 29. Kb1 Rc3 30. a3 Qc2# 0-1

[Event "Hugopessanha"]
[Site "http://www.queenalice.com/game.php?id=661230"]
[Date "2009.10.1"]
[Round "-"]
[White "higorgomes"]
[Black "Hugopessanha"]
[Result "0-1"]
[WhiteElo "1298"]
[BlackElo "1492"]

1. e4 e5 2. Nf3 Bc5 3. d4 exd4 4. Nxd4 Nc6 5. c3 Nf6 6. Qf3 g5 7. g4 d6 8. Bb5
Bxg4 9. Qg3 a6 10. Nxc6 bxc6 11. Bxc6+ Ke7 12. Bxa8 Qxa8 13. O-O h5 14. e5 Ne4
15. exd6+ Bxd6 16. Qe3 Be6 17. f3 Bc5 18. Qxc5+ Nxc5 19. Re1 Nd3 20. Rd1 Qxf3
21. Rf1 Qg4+ 22. Kh1 Bd5+ 23. Rf3 Bxf3# 0-1

[Event "higorgomes - segundo jogo"]
[Site "http://www.queenalice.com/game.php?id=667267"]
[Date "2009.10.14"]
[Round "-"]
[White "foda"]
[Black "higorgomes"]
[Result "0-1"]
[WhiteElo "1339"]
[BlackElo "1306"]

1. e4 d5 2. d3 Nf6 3. e5 Ng8 4. Qf3 Nc6 5. c4 Nd4 6. Qd1 e6 7. Be3 Nf5 8. Qa4+
c6 9. Nf3 Nxe3 10. fxe3 b5 11. cxb5 Ne7 12. bxc6 Qc7 13. Nc3 Nxc6 14. Nb5 Qa5+
15. Qxa5 Nxa5 16. Nc7+ Kd7 17. Nxa8 Bb4+ 18. Nd2 Ba6 19. Rc1 Rxa8 0-1

[Event "lesbica"]
[Site "http://www.queenalice.com/game.php?id=672155"]
[Date "2009.10.25"]
[Round "3"]
[White "dlabedz"]
[Black "higorgomes"]
[Result "0-1"]
[WhiteElo "1372"]
[BlackElo "1287"]

1. d4 d5 2. c3 e6 3. Nf3 Nf6 4. h3 b5 5. Bf4 c6 6. g4 Bd6 7. Ne5 O-O 8. e3 Qb6
9. b3 c5 10. g5 Bxe5 11. dxe5 Ne4 12. Nd2 Nxc3 13. Qc2 Qa5 14. Bg2 g6 15. e4
Nxe4 16. Kf1 Nc6 17. Bxe4 dxe4 18. Be3 Rd8 19. Rd1 Nd4 20. Rb1 Nxc2 21. Rb2
Nxe3+ 22. fxe3 Rxd2 23. Rb1 Qxa2 24. Re1 Rg2 0-1

[Event "Challenge"]
[Site "http://www.queenalice.com/game.php?id=687033"]
[Date "2009.11.22"]
[Round "-"]
[White "higorgomes"]
[Black "FENIX_RJ"]
[Result "1-0"]
[WhiteElo "1313"]
[BlackElo "1447"]

1. d4 Nf6 2. Nf3 Nc6 3. Nc3 d5 4. e3 Bg4 5. h3 Bh5 6. Bb5 a6 7. Bxc6+ bxc6 8.
O-O e6 9. Qe1 Ne4 10. Ne5 c5 11. b3 Qf6 12. Nxe4 dxe4 13. f3 exf3 14. gxf3 Qg5+
15. Kh2 Bd6 16. f4 Qf5 17. Rg1 Qxc2+ 18. Kh1 Bf3+ 19. Nxf3 Qe4 20. Qf1 Rg8 21.
Qg2 cxd4 22. exd4 O-O-O 23. Re1 Qg6 24. Qxg6 hxg6 25. Ng5 Bb4 26. Rd1 Rd5 27.
Nxf7 Rh5 28. Kh2 Be7 29. d5 Rf8 30. dxe6 g5 31. f5 g4 32. Rd7 Rxh3+ 33. Kg2 Rf3
34. Rxe7 Rg3+ 35. Kxg3 g5 36. Nxg5 Rxf5 37. Kxg4 Rd5 38. Nf7 Rd4+ 39. Kf5 Rb4
40. Ba3 Rb5+ 41. Kg6 Ra5 42. Re8+ Kb7 43. e7 Rxa3 44. Rg8 Ra5 45. e8=Q Rd5 46.
Rc1 c5 47. Qb8+ Kc6 48. Re1 Rd7 49. Re6+ Kd5 50. Re5+ Kd4 51. Rd8 Rxd8 52. Qxd8+
Kc3 53. Rxc5+ Kb2 54. Qd4+ Kxa2 55. Ra5+ Kb1 56. Ra1+ Kc2 57. Qe3 Kb2 58. Rh1
Ka3 59. Nd6 a5 60. Rh4 Kb2 61. Nc4+ 1-0

[Event "AUTO-BEG-339"]
[Site "http://www.queenalice.com/game.php?id=696963"]
[Date "2009.12.12"]
[Round "2"]
[White "carlosjvega"]
[Black "higorgomes"]
[Result "1-0"]
[WhiteElo "1848"]
[BlackElo "1358"]

1. e4 e5 2. Nf3 Nc6 3. Bb5 a6 4. Bxc6 bxc6 5. d4 Qf6 6. dxe5 Qe6 7. b3 f6 8. Bb2
f5 9. Qd3 fxe4 10. Qxe4 d5 11. Qf4 h5 12. Nbd2 Ne7 13. Ng5 Qg4 14. Qxg4 g6 15.
Qf4 Bh6 16. Qf7+ Kd7 17. e6+ Kd6 18. Ba3+ c5 19. Bxc5+ Kxc5 20. Qxe7+ Kc6 21.
Nf7 Kb6 22. Nxh8 Bxd2+ 23. Kxd2 c5 24. Nxg6 c4 25. bxc4 Ra7 26. c5+ Ka5 27. Qxa7
Bxe6 28. Qb6+ Ka4 29. Rab1 a5 30. Qb3# 1-0

[Event "AUTO-BEG-339"]
[Site "http://www.queenalice.com/game.php?id=696964"]
[Date "2009.12.12"]
[Round "2"]
[White "higorgomes"]
[Black "carlosjvega"]
[Result "0-1"]
[WhiteElo "1356"]
[BlackElo "1802"]

1. e4 e5 2. Bc4 Nc6 3. Qf3 Qf6 4. Nc3 Nd4 5. Qh5 g6 6. Qh3 Nxc2+ 7. Ke2 d5 8.
Qd3 Nxa1 9. Qb1 dxc4 10. Qxa1 c6 11. b3 Bc5 12. f3 b5 13. a3 Be6 14. g4 Qh4 15.
Nd1 a5 16. bxc4 Bxc4+ 17. d3 Bd4 18. Qb1 Be6 19. Bb2 Bxg4 20. Bxd4 exd4 21. Nf2
Be6 22. Qc1 Ne7 23. f4 f5 24. Qa1 O-O 25. Qxd4 Qxf4 26. Nfh3 Qg4+ 27. Kd2 Qg2+
28. Nf2 fxe4 29. Ne2 exd3 30. Rg1 Qxf2 31. Qxd3 Rad8 32. Rg3 Rxd3+ 33. Rxd3 Bc4
0-1

[Event "HENRIQUE_L_AUAD"]
[Site "http://www.queenalice.com/game.php?id=701209"]
[Date "2009.12.21"]
[Round "4"]
[White "Givanildo"]
[Black "higorgomes"]
[Result "1-0"]
[WhiteElo "1519"]
[BlackElo "1323"]

1. e3 d5 2. Qh5 Nf6 3. Qf3 Bg4 4. Qg3 Qd7 5. f3 Bh5 6. a4 e6 7. Bb5 c6 8. Be2 c5
9. Bb5 Nc6 10. Nh3 a6 11. Bxc6 Qxc6 12. c3 c4 13. O-O Bc5 14. Nf4 e5 15. Qxg7
Rf8 16. Nxh5 Nxh5 17. Qxe5+ Kd7 18. Qxh5 Rg8 19. Qxf7+ Kd6 20. Qxh7 Rh8 21. Qg6+
Ke7 22. Qg5+ Kd7 23. b4 Be7 24. Qf5+ Kd6 25. Ba3 Kc7 26. b5 axb5 27. Bxe7 Qh6
28. Qe5+ Kd7 29. Bg5 Qh7 30. Qxd5+ Ke8 31. Qxb5+ Kf8 32. h4 Kg7 33. f4 Qd3 34.
Qxb7+ Kg6 35. f5+ Kh5 36. Qf3# 1-0

[Event "Hugopessanha"]
[Site "http://www.queenalice.com/game.php?id=702086"]
[Date "2009.12.22"]
[Round "-"]
[White "Hugopessanha"]
[Black "higorgomes"]
[Result "1-0"]
[WhiteElo "1708"]
[BlackElo "1315"]

1. e4 Nc6 2. Nh3 Nf6 3. Bc4 Nxe4 4. f3 Nf6 5. Ng5 e6 6. f4 h6 7. Nh3 e5 8. fxe5
Nxe5 9. b3 Ne4 10. d3 Nd6 11. Bb2 Ng6 12. Qf3 Qe7+ 13. Kd1 b5 14. Bd5 c6 15. Be4
Ne5 16. Qf2 Ng4 17. Qf3 h5 18. Re1 Nxh2 19. Qg3 Ng4 20. Bxc6 h4 21. Qxg4 dxc6
22. Rxe7+ Bxe7 23. Qf3 O-O 24. Qxc6 Bg4+ 25. Ke1 Rac8 26. Qd5 Rxc2 27. Qd4 Nf5
28. Qxg4 g6 29. Be5 Ne3 30. Qe4 Nxg2+ 31. Kd1 Rfc8 32. b4 Rc1+ 33. Ke2 f6 34.
Qxg6+ Kf8 35. Qxg2 R1c2+ 36. Nd2 fxe5 37. Rg1 Ke8 38. Qg8+ Bf8 39. Rg7 R2c7 40.
Rxc7 Rxc7 41. Nf3 Rg7 42. Qe6+ Be7 43. Nxe5 Kf8 44. Nf4 Ke8 45. Nh5 Rg5 46. Nf6+
Kd8 47. Qd7# 1-0